Decentralisation in Mali : (Record no. 3294)

MARC details
000 -LEADER
fixed length control field 00782nam a2200241 4500
003 - CONTROL NUMBER IDENTIFIER
control field LK-CoMWRAF
005 - DATE AND TIME OF LATEST TRANSACTION
control field 20231115113603.0
008 - FIXED-LENGTH DATA ELEMENTS--GENERAL INFORMATION
fixed length control field 230828b2004 |||||||| |||| 00| 0 eng d
020 ## - INTERNATIONAL STANDARD BOOK NUMBER
International Standard Book Number 9068328484
040 ## - CATALOGING SOURCE
Original cataloging agency LK-CoMWRAF
Modifying agency LK-CoMWRAF
Description conventions LK-CoMWRAF
041 ## - LANGUAGE CODE
Language code of text/sound track or separate title English
082 ## - DEWEY DECIMAL CLASSIFICATION NUMBER
Classification number 338.9
Item number DEC
942 ## - ADDED ENTRY ELEMENTS (KOHA)
Koha item type Books
700 ## - ADDED ENTRY--PERSONAL NAME
Personal name Hilhorst, Thea
Relator Term illustrator
700 ## - ADDED ENTRY--PERSONAL NAME
Personal name Baltisse, Gerard
Relator Term editor
700 ## - ADDED ENTRY--PERSONAL NAME
Personal name Lubbock, Jean
Relator Term translator
245 ## - TITLE STATEMENT
Title Decentralisation in Mali :
Remainder of title Putting policy into practice
260 ## - PUBLICATION, DISTRIBUTION, ETC. (IMPRINT)
Place of publication, distribution, etc. Amsterdam:
Name of publisher, distributor, etc. Royal Tropical Institute,
Date of publication, distribution, etc. 2004
300 ## - PHYSICAL DESCRIPTION
Extent 78 p.
Other physical details Bibliography included
490 ## - SERIES STATEMENT
Series statement Decentralisation and local governance
Volume/sequential designation Bulletin 362
856 ## - ELECTRONIC LOCATION AND ACCESS
Uniform Resource Identifier <a href="https://www.kit.nl/wp-content/uploads/2018/08/611_sarahs_merge362.pdf">https://www.kit.nl/wp-content/uploads/2018/08/611_sarahs_merge362.pdf</a>
650 ## - SUBJECT ADDED ENTRY--TOPICAL TERM
Topical term or geographic name as entry element DECENTRALIZATION
Holdings
Withdrawn status Lost status Damaged status Not for loan Permanent Location Current Location Date acquired Full call number Barcode Koha item type
        Resource center, Muslim Women's Research And Action Forum Resource center, Muslim Women's Research And Action Forum 2023-08-28 338.9 DEC RAF270 Books

Copyright © 2023 Muslim Women's Research and Action Forum (MWRAF), No 27/3, Anderson Road, Kalubowila, Dehiwela. Funded by The Asia Fundation